Statistics for Can you name the 10 most populated countries in 1950?

Click here to take the quiz!

General Stats

  • This quiz has been taken 49 times
  • The average score is 9 of 10

Answer Stats

HintAnswer% Correct
Population:554,419,273China
100%
Population:376,325,200India
100%
Population:158,804,395United states
98%
Population:102,798,657Russia
94%
Population:69,966,243Germany
91%
Population:50,616,014United kingdom
91%
Population:53,974,729Brazil
87%
Population:69,543,316Indonesia
83%
Population:82,802,084Japan
83%
Population:46,598,601Italy
74%

Score Distribution

Percentile by Number Answered

Percent of People with Each Score

Your Score History

You have not taken this quiz